MARC

LEADER 00000nam0a2200000 4500
001 36485
005 20231031001949.0
010 |a 5283031136 
035 |a (RuTPU)RU\TPU\book\36958 
035 |a BOOK00003610 
090 |a 36485 
100 |a 20011210d1994 k y0rusy50 ca 
101 0 |a rus 
102 |a RU 
105 |a a z 001zy 
200 1 |a Биофизика электромагнитных воздействий  |f А. Н. Кузнецов 
210 |a Москва  |c Энергоатомиздат  |d 1994 
215 |a 255 с.  |c ил. 
320 |a Библиогр.: с. 238-245 (134 назв.). 
517 1 |a Основы дозиметрии 
610 1 |a биофизика 
610 1 |a электромагнитные волны 
610 1 |a биологическое действие 
610 1 |a электромагнитные поля 
610 1 |a излучения 
610 1 |a исследования 
675 |a 577.35  |v 3 
700 1 |a Кузнецов  |b А. Н.  |g Андрей Николаевич 
801 0 |a RU  |b 63413507  |c 20011210  |g PSBO 
801 2 |a RU  |b 63413507  |c 20141107  |g PSBO 
900 |a Экология 
942 |c BK